Statystyki dla Strony konfliktu I Wojny Światowej.

Kliknij tutaj aby rozwiązać quiz!

Ogólne statystyki

  • Ten quiz został rozwiązany 278 razy
  • Średni wynik to 16 z 20

Statystyki odpowiedzi

Strona konfliktuOdpowiedź% Poprawnych
Państwa CentralneNiemcy
98%
EntentaRosja
98%
EntentaFrancja
97%
EntentaWielka Brytania
95%
Państwa Centralne**Włochy
94%
Ententa*Włochy
94%
EntentaUSA
93%
Państwa CentralneAustro-Węgry
92%
Państwa CentralneBułgaria
89%
EntentaJaponia
86%
EntentaRumunia
83%
EntentaBelgia
82%
EntentaSerbia
80%
Państwa CentralneImperium Osmańskie
78%
EntentaGrecja
75%
EntentaChiny
69%
EntentaPortugalia
62%
EntentaCzarnogóra
61%
EntentaBrazylia
40%
EntentaKról.Hidżazu
3%

Rozkład punktacji

Percentyl według liczby udzielonych odpowiedzi

Procent ludzi z każdym wynikiem

Twoja historia wyników

Nie rozwiązałeś tego quizu